| Поле | Название | Значение |
| |
Тип записи |
a |
| |
Библиографический уровень |
m |
| 001 |
Контрольный номер |
RU/IS/BASE/226770170 |
| 005 |
Дата корректировки |
20210322135649.4 |
| 010 |
Индекс ISBN |
__ |
| a |
ISBN |
5-89481-026-4 |
| d |
Цена |
56-00 |
| 200 |
Заглавие и сведения об ответственности |
1_ |
| a |
Заглавие |
Клиническая фармакология для акушеров-гинекологов |
| e |
Сведения, относящиеся к заглавию |
Практ. руководство |
| f |
Первые сведения об ответственности |
Р. Г. Бороян |
| 210 |
Выходные данные |
1_ |
| a |
Место издания |
М. |
| c |
Издательство |
МИА |
| d |
Дата издания |
1999 |
| 215 |
Физическое описание |
__ |
| a |
Объем |
222, [2] с. |
| 318 |
Примечание о действии |
__ |
| a |
Действие |
п |
| 606 |
Тематические рубрики |
__ |
| a |
Основная рубрика |
медицина |
| 610 |
Ключевые слова |
0_ |
| a |
Ключевые слова |
фармакология |
| a |
Ключевые слова |
гинекология |
| a |
Ключевые слова |
акушерство |
| 686 |
Индексы других классификаций |
__ |
| a |
Индекс ББК |
57.1 |
| 700 |
Автор |
_1 |
| a |
Фамилия |
Бороян |
| b |
Имя |
Р. Г. |
| 801 |
Источник записи |
_0 |
| a |
Страна |
RU |
| b |
Организация |
ЦРБ, Сургут |
| 801 |
Источник записи |
_1 |
| a |
Страна |
RU |
| b |
Организация |
ЦРБ, Сургут |
| 852 |
Данные о местонахождении |
__ |
| j |
Шифр хранения |
57.1 |
| i |
Авторский знак |
Б83 |
| p |
Инвентарный номер |
62454 |
| b |
Сигла хранения |
9; 12; 14; 16 |
| 901 |
Тип документа |
__ |
| t |
Тип документа |
m |
| 990 |
Данные о заказе (DOS) |
__ |
| j |
Количество экземпляров (DOS) |
6 |